000 00623nam a2200253Ia 4500
003 OSt
005 20220924153433.0
006 a|||||r|||| 00| 0
007 ta
008 220923b |||||||| |||| 00| 0 tam d
020 _c25.00
024 _a350211
037 _cTextual
040 _aARTS
_cARTS
_btam
041 _2tam
_atam
082 _aO31:g, N7
100 _aKasagopalan Sarala Au.
_9228824
245 0 _aElakkiya cholai
260 _c1997
300 _a120p.
_ccm.
650 _aTAMIL LITERATURE
942 _hO31:g, N7
_cTEXL
_2CC
999 _c473604
_d473604